Movies by Letter - A - Statistics

General Stats
  • This quiz has been taken 187 times
    80 since last reset
  • The average score is 8 of 25
Answer Stats
Hint Answer % Correct
Awards first given in 1929 Academy Awards
73%
Jim Carrey searches for a missing dolphin Ace Ventura: Pet Detective
61%
Lou Costello's partner Bud Abbott
61%
Country of Picnic at Hanging Rock, My Brilliant Career, Strictly Ballroom, and Rabbit-Proof Fence Australia
51%
1979 horror film, remade in 2005, about a haunted house The Amityville Horror
51%
The Purple Rose of Cairo, Crimes and Misdemeanors director Woody Allen
51%
1977 comedy starring Diane Keaton by the above Annie Hall
46%
Place where John Wayne played Davy Crockett The Alamo
46%
She played Julie in Julie & Julia Amy Adams
41%
British studio of The Wrong Trousers and Chicken Run Aardman Animations
40%
Played Mary (1964), Maria (1965), and Millie (1967) Julie Andrews
40%
Marvel Cinematic Universe film twelve Ant-Man
33%
Popeye, Nashville, and MASH director Robert Altman
31%
Director of This Is 40 and The 40-Year-Old Virgin Judd Apatow
30%
Shakespearean character Charlton Heston played in two films Mark Antony
27%
French term for an influential director auteur
26%
1988 dystopian anime from Katsuhiro Otomo Akira
24%
Medium of Jan Svankmajer, Jiri Trnka, and Lotte Reiniger animation
20%
Italian director of Blow-Up, L'Eclisse, and Red Desert Michelangelo Antonioni
17%
A cinematographer measures this in f-stops aperture
16%
Otto Preminger's 1959 legal drama starring James Stewart Anatomy of a Murder
13%
First name of documentarian brother of David Maysles Albert
11%
Film preservation organization founded by LBJ American Film Institute
10%
Nickname for Indian director Satyajit Ray's first three films Apu Trilogy
10%
1973 PBS cinema vérité series about the Loud family An American Family
3%
No matching quizzes found
Score Distribution
Percent of People with Each Score
Percentile by Number Answered
Your Score History
You have not taken this quiz since the last reset